Una clínica de la pulsión: las impulsiones

Salvato in:
Dettagli Bibliografici
Autore principale: Rabinovich, Diana S (Autore)
Natura: Libro
Lingua:spagnolo
Pubblicazione: Buenos Aires Manantial 1985
Edizione:1a. ed
Serie:Presencias
Soggetti:
Tags: Aggiungi Tag
Nessun Tag, puoi essere il primo ad aggiungerne!!

MARC

LEADER 00000nam a2200000 a 4500
001 UCI0564
003 CL-VaPUC
008 070518e19850000AG |||||||||||||||||spa|d
020 |a 9509515418 
082 0 4 |a 152.4  |b RAB  |2 21 
100 0 |a Rabinovich, Diana S  |e author  |9 520685 
245 1 4 |a Una clínica de la pulsión: las impulsiones 
250 |a 1a. ed 
300 |a 120 p 
942 |c BK 
945 |d 20070518 00:00:00  |a cmena 
260 |a Buenos Aires  |b Manantial  |c 1985 
650 0 |a Sentimientos   |9 334266 
650 0 |a Psicoanálisis   |9 265702 
650 0 |a Emociones   |9 265224 
650 0 |a Amor  |9 257817 
650 0 |a Voluntad  |9 307812 
650 7 |a IMPULSOS  |2 CL-VaPUC  |9 334646 
583 |a last modification  |c 20070518 00:00:00  |k Rodrigo Vera 
490 0 |a Presencias 
999 |c 325652  |d 325650 
952 |0 0  |1 0  |4 0  |6 152_400000000000000_RAB_1985  |7 0  |8 A  |9 406883  |a BIBEDU  |b BIBEDU  |d 2019-11-22  |i 4339878  |o 152.4 RAB 1985  |p 4339878  |r 2019-11-22  |w 2019-11-22  |y BK  |k PSI